| 000 | 01116cam a22002651i 4500 | ||
|---|---|---|---|
| 003 | SA-RiAUC | ||
| 005 | 20250918081352.0 | ||
| 008 | 250903s1980 le g i 000 0 ara c | ||
| 040 |
_aAE-AiULD _bara _cSA-RiAUC _erda |
||
| 082 | 0 | 4 |
_a258.1016 _qSA-RiAUC |
| 090 |
_a258.1016 _bم ي س |
||
| 100 | 1 |
_aالميس، خليل محيي الدين، _d1941- _eمؤلف. |
|
| 245 | 1 | 0 |
_aفهارس المبسوط لمحمد بن أحمد السرخسي / _cتصنيف خليل الميس. |
| 250 | _aالطبعة الأولى. | ||
| 264 | 1 |
_aبيروت : _bدار المعرفة، _c1980. |
|
| 300 |
_a590 صفحة ؛ _c28 سم |
||
| 336 |
_aنص _btxt _2rdacontent _3كتاب |
||
| 337 |
_aبدون وسيط _bn _2rdamedia |
||
| 338 |
_aمجلد _bnc _2rdacarrier |
||
| 650 | 7 |
_aالفقه الحنفي _vكشافات _2aucsh |
|
| 650 | 7 |
_aالفقه الإسلامي _xمذاهب _vكشافات _2aucsh |
|
| 700 | 1 | 2 |
_iكشاف لـ (عمل) : _aابن سهل السرخسي، محمد بن أحمد بن سهل، _dتوفي 483 هجري. _tالمبسوط |
| 942 |
_2ddc _cBOOK _n0 |
||
| 949 |
_aSA-JeALM _d250903 _uosman123 _n1 |
||
| 999 |
_c11925 _d11925 |
||